000 00976nam a2200241Ia 4500
003 OSt
005 20210826141614.0
008 210310s1992 ck ad fr 100 0 spa d
040 _aCO-JMCR
_cCO-JMCR
041 0 _aspa
082 0 4 _a332.041 /
_bB694m
_223
100 1 _aBolívar Blanco, Germán Augusto,
_916188
_eautor
245 1 0 _aMercado de capitales, banca de inversión y modernización en Colombia /
_cpor Germán Augusto Bolívar Blanco
260 _aBogotá :
_bBolsa de Bogotá,
_c1992
300 _a103 páginas :
_bilustraciones y gráficas a blanco y negro ;
_c27 cm.
504 _aBibliografía: páginas 101-103
505 0 _aQué es el mercado de capitales -- Banca de inversión -- Modernización
586 _a"Tercer Premio Nacional de Mercado de Valores. Bolsa de Bogotá"
650 1 4 _aMercados financieros
_916278
_zColombia
650 2 4 _aBancos de inversión
_zColombia
_939726
651 2 _aColombia
_xPolítica económica
_96872
942 _2ddc
_cBK
999 _c8079
_d8079